00585nam a22002177a 450000500170000001000130001702000220003003500130005203700160006504000120008108200160009310000200010924500720012926000480020127000110024930000280026050000190028865000170030765000250032470000180034920170124110211.0 aA-302998 c00.00a0582444128 aA-302998 bCen Lib/Ret aDPLbEN a574.19bYUD aYudkin, Michael aComprehensible biochemistry /cby Michael Yudkin [and] Robin Offord bEnglish Language Book SocietyaLondonc1973 bLondon a553p. :c24cm(Hb)bill. aIncludes index aBiochemistry aBiological chemistry aOfford, Robin